| 000 | 00414nam a2200157Ia 4500 | ||
|---|---|---|---|
| 008 | 240729s9999 xx 000 0 und d | ||
| 022 | _a2666-5352 | ||
| 245 | 0 | _aPublic Health in Practice | |
| 260 | _aUnited Kingdom | ||
| 260 | _bElsevier | ||
| 650 | _a Public aspects of medicine | ||
| 650 | _aMedicine | ||
| 856 | _uhttps://doaj.org/toc/2c993eb8e4674a4a92669dc43a254511 | ||
| 942 | _2ddc | ||
| 942 | _cDOAJEJ | ||
| 999 |
_c73338 _d73338 |
||
| 945 |
_a1 _bMadushi Gamage _c1 _dMadushi Gamage |
||